<?xml version="1.0" encoding="UTF-8"?>
<record
    xmlns:xsi="http://www.w3.org/2001/XMLSchema-instance"
    xsi:schemaLocation="http://www.loc.gov/MARC21/slim http://www.loc.gov/standards/marcxml/schema/MARC21slim.xsd"
    xmlns="http://www.loc.gov/MARC21/slim">

  <leader>00649nam a22002417a 4500</leader>
  <controlfield tag="003">UA-OsUOA</controlfield>
  <controlfield tag="001"> 21950 </controlfield>
  <controlfield tag="007">ta</controlfield>
  <controlfield tag="008">20031215b un ||||| |||| 00| 0 ukr d</controlfield>
  <datafield tag="090" ind1=" " ind2=" ">
    <subfield code="a">011</subfield>
    <subfield code="b">&#x42F;20</subfield>
  </datafield>
  <datafield tag="942" ind1=" " ind2=" ">
    <subfield code="c">BK</subfield>
  </datafield>
  <datafield tag="040" ind1=" " ind2=" ">
    <subfield code="a">UA-OsUOA</subfield>
    <subfield code="b">ukr</subfield>
    <subfield code="c">UA-OsUOA</subfield>
    <subfield code="d">UA-OsUOA</subfield>
  </datafield>
  <datafield tag="245" ind1=" " ind2=" ">
    <subfield code="a">&#x42F;&#x440;&#x43E;&#x441;&#x43B;&#x430;&#x432;&#x430; &#x417;&#x430;&#x43A;&#x43B;&#x435;&#x432;&#x441;&#x44C;&#x43A;&#x430;</subfield>
    <subfield code="b">&#x411;&#x456;&#x431;&#x43B;&#x456;&#x43E;&#x433;&#x440;&#x430;&#x444;&#x456;&#x447;&#x43D;&#x438;&#x439; &#x43F;&#x43E;&#x43A;&#x430;&#x436;&#x447;&#x438;&#x43A;</subfield>
    <subfield code="c">&#x421;&#x43E;&#x441;&#x442;. &#x41C;.&#x427;&#x456;&#x43A;&#x430;&#x43B;&#x43E;, &#x43A;&#x430;&#x43D;&#x434;. &#x444;&#x456;&#x43B;&#x43E;&#x43B;. &#x43D;&#x430;&#x443;&#x43A; &#x42F;.&#x404;&#x440;&#x43C;&#x43E;&#x43B;&#x43E;&#x432;&#x438;&#x447;</subfield>
  </datafield>
  <datafield tag="300" ind1=" " ind2=" ">
    <subfield code="a">72 &#x441;.</subfield>
  </datafield>
  <datafield tag="955" ind1=" " ind2=" ">
    <subfield code="a">0</subfield>
  </datafield>
  <datafield tag="041" ind1=" " ind2=" ">
    <subfield code="a">ukr</subfield>
  </datafield>
  <datafield tag="080" ind1=" " ind2=" ">
    <subfield code="a">011</subfield>
  </datafield>
  <datafield tag="020" ind1=" " ind2=" ">
    <subfield code="a">966-02-0576-7</subfield>
  </datafield>
  <datafield tag="260" ind1=" " ind2=" ">
    <subfield code="a">&#x41B;&#x44C;&#x432;&#x456;&#x432;</subfield>
    <subfield code="c">1997</subfield>
  </datafield>
  <datafield tag="044" ind1=" " ind2=" ">
    <subfield code="a">UA</subfield>
  </datafield>
  <datafield tag="650" ind1=" " ind2="7">
    <subfield code="2">UDC</subfield>
  </datafield>
  <datafield tag="999" ind1=" " ind2=" ">
    <subfield code="c">308160</subfield>
    <subfield code="d">308160</subfield>
  </datafield>
  <datafield tag="952" ind1=" " ind2=" ">
    <subfield code="0">0</subfield>
    <subfield code="1">0</subfield>
    <subfield code="2">udc</subfield>
    <subfield code="4">0</subfield>
    <subfield code="7">0</subfield>
    <subfield code="a">102</subfield>
    <subfield code="b">102</subfield>
    <subfield code="d">2003-12-15</subfield>
    <subfield code="g">3.00</subfield>
    <subfield code="i">62173</subfield>
    <subfield code="l">0</subfield>
    <subfield code="o">011 &#x42F;20</subfield>
    <subfield code="p">62173</subfield>
    <subfield code="r">2022-02-09 00:00:00</subfield>
    <subfield code="w">2003-12-15</subfield>
    <subfield code="y">BK</subfield>
  </datafield>
</record>
